书目信息 |
| 题名: |
艳异
|
|
| 作者: | 周芬伶 著 | |
| 分册: | ||
| 出版信息: | 北京 中国华侨出版社 2003.05 |
|
| 页数: | 445页 | |
| 开本: | 23cm | |
| 丛书名: | ||
| 单 册: | ||
| 中图分类: | K825.6 , I206.6 | |
| 科图分类: | ||
| 主题词: | 文学--中国 | |
| 电子资源: | ||
| ISBN: | 7-80120-712-2 | |
| 000 | 00779nam0 2200265 45 | |
| 001 | 012003000000 | |
| 005 | 20041020081308.58 | |
| 010 | @a7-80120-712-2@dCNY 36.00 | |
| 100 | @a20030528d2003 em y0chiy0121 ea | |
| 101 | 0 | @achi |
| 102 | @aCN@b110000 | |
| 105 | @aa z 000yd | |
| 200 | 1 | @a艳异@Ayan yi@e张爱玲与中国文学@f周芬伶著 |
| 210 | @a北京@c中国华侨出版社@d2003.05 | |
| 215 | @a445页@c图@d23cm | |
| 320 | @a本书含参考书目 | |
| 330 | @a本书内容: 一位现代女作家这诞生; 自我流放与心灵回归; 在艳异的空气中...... | |
| 517 | 1 | @a张爱玲与中国文学 |
| 600 | 0 | @a张爱玲@f1920-1995@x文学研究 |
| 606 | 0 | @a文学@x中国 |
| 690 | @aK825.6@v4 | |
| 690 | @aI206.6@v3 | |
| 701 | 0 | @a周芬伶@Azhou fen ling@4著 |
| 801 | 0 | @aCN@bQSSKxf1@c20041020 |
| 905 | @a10447@dI206.6@eZ760 | |
| 艳异:张爱玲与中国文学/周芬伶著.-北京:中国华侨出版社,2003.05 |
| 445页:图;23cm |
| ISBN 7-80120-712-2:CNY 36.00 |
| 本书内容: 一位现代女作家这诞生; 自我流放与心灵回归; 在艳异的空气中...... |
| ● |
| 相关链接 |
|
|
|
正题名:艳异
索取号:I206.6/Z760
 
预约/预借
| 序号 | 登录号 | 条形码 | 馆藏地/架位号 | 状态 | 备注 |
| 1 | 421043 | 204210433 | 文学库108/108文学库 6排4列3层/ [索取号:I206.6/Z760] | 在馆 | |
| 2 | 421044 | 204210442 | 文学库108/108文学库 6排4列3层/ [索取号:I206.6/Z760] | 在馆 | |
| 3 | 421045 | 204210451 | 文学库108/ [索取号:I206.6/Z760] | 在馆 |